Writers’ Pen Names #2 - Statistics

General Stats
  • This quiz has been taken 30 times
    29 since last reset
  • The average score is 3 of 10
Answer Stats
Real Name Pen Name % Correct
Eric Arthur Blair George Orwell
92%
Józef Teodor Konrad Korzeniowski Joseph Conrad
52%
Jean Baptiste Poquelin Molière
44%
Hector Hugh Munro Saki
36%
Daniel Handler Lemony Snicket
32%
William Sydney Porter O Henry
32%
David John Moore Cornwell John le Carré
20%
H. C. McNeile Sapper
8%
Ramona Lofton Sapphire
8%
Marguerite Annie Johnson Maya Angelou
4%
No matching quizzes found
Score Distribution
Percent of People with Each Score
Percentile by Number Answered
Your Score History
You have not taken this quiz since the last reset